000 00781nam a22002777a 4500
003 CHAP
005 20220329133758.0
008 971013s1969 mx r 00010 spa d
010 _a10776
011 _a11748
035 _a11027
040 _cCHAP
082 0 4 _a311.2
_bL4y
100 0 0 _aLewis, Alvin E.
_966500
245 1 _aBioestadística
260 _aMéxico :
_bCECSA,
_c1969
300 _a279 p.
590 _aBATCH-UPD
_b10
_c20130110
_lUCH01
_h1846
590 _aBATCH-UPD
_b10
_c20130410
_lUCH01
_h1216
590 _aBATCH-UPD
_b10
_c20130914
_lUCH01
_h0636
590 _aCONVERSION
_b10
_c20130109
_lUCH01
_h1307
650 1 4 _aBiometría.
_912831
901 _aBK
942 _cLIBRO
949 _a311.2 L4y
_bBC
_cLIBRO
_d33724000305017
_eLIBRO
_fc.2
_h45840
_i11027
_si
_t155.00
999 _c10776
_d10776